La población: sus movimientos, sus leyes

Guardado en:
Detalles Bibliográficos
Autor principal: Sauvy, Alfred (Autor)
Formato: Libro
Lenguaje:español
Publicado: Buenos Aires EUDEBA 1969
Edición:4a. ed
Colección:Cuadernos de Eudeba, 28
Materias:
Etiquetas: Agregar Etiqueta
Sin Etiquetas, Sea el primero en etiquetar este registro!

MARC

LEADER 00000nam a2200000 a 4500
001 UCU2014
003 CL-VaPUC
008 960419e19690000AG |||||||||||||||||spa|d
082 0 4 |a 304.6  |b SAU  |2 21 
100 0 |a Sauvy, Alfred  |e author  |9 357843 
245 1 3 |a La población: sus movimientos, sus leyes 
250 |a 4a. ed 
300 |a 143 p 
942 |c BK 
945 |d 19960419 00:00:00  |a lriquelm 
260 |a Buenos Aires  |b EUDEBA  |c 1969 
650 0 |a Demografía   |9 260008 
650 0 |a Poblaciones  |9 338556 
650 7 |a ENCUESTAS DEMOGRAFICAS  |2 CL-VaPUC  |9 357844 
650 7 |a POLITICA DEMOGRAFICA  |2 CL-VaPUC  |9 338263 
650 7 |a TASA DE NATALIDAD  |2 CL-VaPUC  |9 357845 
650 7 |a MORTALIDAD  |2 CL-VaPUC  |9 341601 
650 7 |a DINAMICA POBLACIONAL  |2 CL-VaPUC  |9 357685 
583 |a last modification  |c 19960419 00:00:00  |k Rodrigo Vera 
490 0 |a Cuadernos de Eudeba, 28 
999 |c 246420  |d 246418 
952 |0 0  |1 0  |4 0  |6 304_600000000000000_SAU_1969  |7 0  |8 A  |9 261384  |a BIBING  |b BIBING  |d 2019-11-19  |i 201744K  |l 1  |o 304.6 SAU 1969  |p 201744K  |r 2025-01-20  |s 2023-08-23  |w 2019-11-19  |y BK  |k GEO 
952 |0 0  |1 0  |4 0  |6 304_600000000000000_SAU_1969  |7 0  |8 A  |9 261386  |a BIBHIS  |b BIBHIS  |d 2019-11-19  |i 136572K  |o 304.6 SAU 1969  |p 136572K  |r 2025-01-20  |w 2019-11-19  |y BK  |k HIS